El desarrollo económico del Japón moderno
Gorde:
| Egile nagusia: | |
|---|---|
| Formatua: | Liburua |
| Hizkuntza: | gaztelania |
| Argitaratua: |
Tokio
Ministerio de Relaciones Exteriores
1985
|
| Gaiak: | |
| Etiketak: |
Etiketa erantsi
Etiketarik gabe, Izan zaitez lehena erregistro honi etiketa jartzen!
|
MARC
| LEADER | 00000nam a2200000 a 4500 | ||
|---|---|---|---|
| 001 | UCR9300 | ||
| 003 | CL-VaPUC | ||
| 008 | 980613e19850000ja |||||||||||||||||spa|d | ||
| 082 | 0 | 4 | |a 338.952 |b TAK |2 21 |
| 100 | 0 | |a Takafusa, Nakamura |e author |9 411670 | |
| 245 | 1 | 3 | |a El desarrollo económico del Japón moderno |
| 300 | |a 113 p | ||
| 942 | |c BK | ||
| 945 | |d 19980613 00:00:00 |a crobeson | ||
| 260 | |a Tokio |b Ministerio de Relaciones Exteriores |c 1985 | ||
| 650 | 0 | |a Desarrollo económico |9 259599 | |
| 650 | 0 | |a Crecimiento económico |9 314037 | |
| 650 | 0 | |a Condiciones económicas |9 258255 | |
| 651 | 0 | |a Japón |9 260391 | |
| 583 | |a last modification |c 20171123 01:58:29 |k Rodrigo Vera | ||
| 999 | |c 270500 |d 270498 | ||
| 952 | |0 0 |1 0 |4 0 |6 338_952000000000000_TAK_1985 |7 0 |8 A |9 304816 |a BIBENE |b BIBENE |d 2019-11-20 |i 1409816 |o 338.952 TAK 1985 |p 1409816 |r 2025-01-15 |w 2019-11-20 |y BK |k ICO | ||